[Event "AUTO-OPEN-2042"]
[Site "http://www.queenalice.com/game.php?id=909508"]
[Date "2011.3.7"]
[Round "3"]
[White "marcelouco"]
[Black "luciano"]
[Result "0-1"]
[WhiteElo "1734"]
[BlackElo "2099"]

1. e4 d5 2. exd5 Qxd5 3. Nc3 Qa5 4. Qf3 e5 5. Bc4 Nf6 6. d3 Nc6 7. Bg5 Nd4 8.
Qd1 Qb6 9. Nf3 Qxb2 10. Nxd4 Qxc3+ 11. Bd2 Qxd4 12. Bb3 Bb4 13. O-O O-O 14. Qe2
Bg4 15. Qe3 Qxe3 16. Bxe3 c6 17. a3 Bc3 18. Rab1 Be2 19. Rfc1 e4 20. d4 Rad8 21.
Ba2 Ng4 22. Rxb7 Nxe3 23. fxe3 Bd2 24. Rcb1 Bxe3+ 25. Kh1 Bxd4 26. Re1 Bb5 27.
Rxe4 Bb6 28. Rf4 Rd1+ 0-1

[Event "AUTO-OPEN-2042"]
[Site "http://www.queenalice.com/game.php?id=909513"]
[Date "2011.3.7"]
[Round "3"]
[White "marcelouco"]
[Black "sandromm"]
[Result "1-0"]
[WhiteElo "1665"]
[BlackElo "1752"]

1. e4 c5 2. Bc4 e6 3. Nf3 a6 4. a4 Nc6 5. Nc3 Nf6 6. O-O b6 7. d4 Nxd4 8. Nxd4
cxd4 9. Qxd4 Bc5 10. Qd3 O-O 11. e5 Ng4 12. Qf3 Nxe5 13. Qxa8 Nxc4 14. Qe4 d5
15. Qg4 e5 16. Qg3 Bd6 17. Bg5 f6 18. Bh6 Rf7 19. b3 e4 20. Bf4 Bxf4 21. Qxf4 g6
22. bxc4 Rc7 23. Nxd5 Rxc4 24. Nxf6+ Kg7 25. Nxe4 Bf5 26. Rfe1 Qf8 27. Qe5+ Kg8
28. Nf6+ Kf7 29. Qd5+ Kxf6 30. Qxc4 b5 31. Qc6+ Kg5 32. Qxa6 bxa4 33. Qxa4 Qc5
34. Rac1 Qd5 35. c4 1-0

[Event "AUTO-OPEN-2042"]
[Site "http://www.queenalice.com/game.php?id=909514"]
[Date "2011.3.7"]
[Round "3"]
[White "sandromm"]
[Black "marcelouco"]
[Result "0-1"]
[WhiteElo "1781"]
[BlackElo "1650"]

1. e4 e5 2. Nf3 Nc6 3. Bb5 Nf6 4. d3 g6 5. c3 Bg7 6. Bxc6 dxc6 7. h3 O-O 8. O-O
b5 9. Nxe5 c5 10. Bg5 Qd6 11. Nf3 Bb7 12. Qd2 b4 13. c4 Qd7 14. Ne5 Qe6 15. Bxf6
Bxf6 16. f4 Bxe5 17. fxe5 Qxe5 18. Qc2 Rad8 19. Nd2 Qg5 20. Nf3 Qe7 21. Qa4 a6
22. Qb3 Bc6 23. a3 Qd7 24. Ne5 Qd4+ 25. Rf2 Qxe5 26. axb4 cxb4 27. Rxa6 Bb7 28.
Ra7 Rb8 29. Qxb4 Bxe4 30. dxe4 Rxb4 31. Rc2 Qd4+ 32. Kh2 Qxa7 0-1

[Event "AUTO-OPEN-2042"]
[Site "http://www.queenalice.com/game.php?id=909515"]
[Date "2011.3.7"]
[Round "3"]
[White "marcelouco"]
[Black "ezequiel_2001"]
[Result "0-1"]
[WhiteElo "1671"]
[BlackElo "1933"]

1. e4 c5 2. Bc4 e6 3. Nf3 a6 4. a4 d6 5. d4 cxd4 6. Nxd4 Nf6 7. Qf3 Be7 8. Bg5
O-O 9. Qg3 Nxe4 10. Qg4 Nxg5 11. Nc3 g6 12. O-O e5 13. Qd1 exd4 14. Qxd4 Nc6 15.
Qd3 Ne5 16. Qe2 Bg4 0-1

[Event "AUTO-OPEN-2042"]
[Site "http://www.queenalice.com/game.php?id=909516"]
[Date "2011.3.7"]
[Round "3"]
[White "ezequiel_2001"]
[Black "marcelouco"]
[Result "1-0"]
[WhiteElo "1932"]
[BlackElo "1667"]

1. e4 e5 2. Nf3 Bd6 3. c3 Nf6 4. Bd3 O-O 5. O-O Nc6 6. Bc2 a5 7. d4 exd4 8. cxd4
b6 9. e5 Qe7 10. exd6 Qxd6 11. Be3 Ng4 12. Qd3 Nb4 13. Qxh7# 1-0

[Event "QA-ANNIV-06"]
[Site "http://www.queenalice.com/game.php?id=924297"]
[Date "2011.4.10"]
[Round "4"]
[White "marcelouco"]
[Black "Hagi"]
[Result "1-0"]
[WhiteElo "1680"]
[BlackElo "1730"]

1. e4 d5 2. exd5 Qxd5 3. Nc3 Qe6+ 4. Nge2 Nc6 5. d4 Nf6 6. g3 Bd7 7. d5 Nxd5 8.
Nxd5 O-O-O 9. Bg2 Qf5 10. Be3 Be6 11. Nec3 Kb8 12. O-O h5 13. Be4 Qe5 14. Bf4
Qf6 15. Bxc7+ Kc8 16. Bxd8 Qg5 17. Bc7 h4 18. Bf4 Qh5 19. Qxh5 Rxh5 20. g4 Bxg4
21. Ne3 Bh3 22. Rfd1 e5 23. Rd5 f6 24. Bg2 Be6 25. Bf3 Rh7 26. Bg4 Bxg4 27. Nxg4
exf4 28. Rf5 Bd6 29. Rd1 Kd7 30. Nb5 Ke6 31. Nxd6 g6 32. Rxf6+ Ke7 33. Nxb7 Ne5
34. Re1 Rh5 35. Rxf4 Ke6 36. Nxe5 Rxe5 37. Rxe5+ Kxe5 38. Rxh4 1-0

[Event "AUTO-INT-2047"]
[Site "http://www.queenalice.com/game.php?id=943887"]
[Date "2011.5.29"]
[Round "1"]
[White "Givanildo"]
[Black "marcelouco"]
[Result "1-0"]
[WhiteElo "1684"]
[BlackElo "1687"]

1. e4 e5 2. Bc4 Nf6 3. Qf3 Bc5 4. d3 c6 5. c3 d5 6. exd5 cxd5 7. Bb5+ Bd7 8. a4
e4 9. Qf4 Ng4 10. Bxd7+ Qxd7 11. d4 Bd6 12. Qg5 O-O 13. Be3 Bxh2 14. Qh4 h6 15.
Rxh2 Nxh2 16. Qxh2 Nc6 17. Nd2 a5 18. Qg3 Qe6 19. Nh3 Rab8 20. Nf4 Qf5 21. O-O-O
b5 22. Nxd5 Qe6 23. Rh1 Kh7 24. Nf4 Qa2 25. Nh5 g6 26. Nf6+ Kg7 27. Bxh6+ Kxf6
28. Nxe4+ Ke6 29. Qd6+ Kf5 30. Qf4+ Ke6 31. Nc5+ Kd5 32. Qe4+ Kc4 33. Qd3+ Kd5
34. Qe4+ Kc4 35. Qe2+ Kd5 36. Kc2 Rfe8 37. Qf3+ Kc4 38. Qxf7+ Re6 39. Qxe6# 1-0

[Event "AUTO-INT-2047"]
[Site "http://www.queenalice.com/game.php?id=943888"]
[Date "2011.5.29"]
[Round "1"]
[White "marcelouco"]
[Black "Givanildo"]
[Result "1-0"]
[WhiteElo "1684"]
[BlackElo "1755"]

1. e4 e5 2. Bc4 Bc5 3. Nf3 Qf6 4. d3 h6 5. Nc3 c6 6. Qe2 d6 7. Be3 Bxe3 8. Qxe3
Nd7 9. h4 b5 10. Bb3 a6 11. g3 Ne7 12. d4 exd4 13. Nxd4 O-O 14. O-O-O Ne5 15. f4
Ng4 16. Qf3 a5 17. e5 Nxe5 18. fxe5 dxe5 19. Qxf6 gxf6 20. Nde2 Bg4 21. a3 b4
22. Ne4 Bxe2 23. Rde1 a4 24. Ba2 b3 25. cxb3 Bd3 26. Nxf6+ Kh8 27. Nd7 Rfd8 28.
Nxe5 Kh7 29. Nxd3 Rxd3 30. Rxe7 axb3 31. Bb1 Rd8 32. Bxd3+ Rxd3 33. a4 Kg7 34.
Rf1 Rxg3 35. Rexf7+ Kg6 36. R7f6+ Kh5 37. Rxc6 Kxh4 38. Rxh6+ Kg5 39. Rff6 Rg1+
40. Kd2 Rg2+ 41. Kc3 Rc2+ 42. Kxb3 Rc5 43. Kb4 Rf5 44. Rxf5+ Kxh6 45. Rc5 1-0

[Event "AUTO-INT-2047"]
[Site "http://www.queenalice.com/game.php?id=943901"]
[Date "2011.5.29"]
[Round "1"]
[White "thomas01"]
[Black "marcelouco"]
[Result "1-0"]
[WhiteElo "1439"]
[BlackElo "1698"]

1. e4 e5 2. d3 Nf6 3. f4 exf4 4. Bxf4 d6 5. Nf3 Bg4 6. Be2 Nh5 7. Qd2 Nxf4 8.
Qxf4 Bxf3 9. Qxf3 g6 10. O-O Bg7 11. Qxf7# 1-0

[Event "AUTO-INT-2047"]
[Site "http://www.queenalice.com/game.php?id=943902"]
[Date "2011.5.29"]
[Round "1"]
[White "marcelouco"]
[Black "thomas01"]
[Result "1-0"]
[WhiteElo "1671"]
[BlackElo "1585"]

1. e4 e5 2. Bc4 Nf6 3. Nf3 Bd6 4. d4 exd4 5. e5 Bxe5 6. Nxe5 O-O 7. O-O c5 8. c3
d5 9. Be2 Qd6 10. cxd4 Nc6 11. Nxc6 Qxc6 12. dxc5 b6 13. cxb6 Qxb6 14. Bf3 a5
15. a4 Be6 16. Bg5 Qxb2 17. Na3 Qe5 18. Bxf6 gxf6 19. Nb5 Rac8 20. Bg4 Kh8 21.
Re1 Qg5 22. Bxe6 fxe6 23. Rxe6 Rg8 24. g3 Qf5 25. Ra6 Rg4 26. Nd6 Qe6 27. Nxc8
Qxa6 28. Qxg4 Qb7 29. Nd6 Qd7 30. Qxd7 1-0

[Event "AUTO-INT-2079"]
[Site "http://www.queenalice.com/game.php?id=957695"]
[Date "2011.7.7"]
[Round "1"]
[White "jajerduco"]
[Black "marcelouco"]
[Result "1-0"]
[WhiteElo "1601"]
[BlackElo "1711"]

1. d4 d5 2. Nc3 Nf6 3. Bg5 Nc6 4. Nf3 Bg4 5. e3 g6 6. Be2 Bg7 7. O-O O-O 8. h3
Bxf3 9. Bxf3 Ne4 10. Bxe4 dxe4 11. d5 Nb4 12. a3 Bxc3 13. bxc3 Nxd5 14. Bh6 Re8
15. Qd4 e5 16. Qxe4 b5 17. Rfd1 c6 18. c4 bxc4 19. g3 Nc3 20. Rxd8 Nxe4 21. Rdd1
a5 22. Rd7 c3 23. Rc7 c5 24. Rd1 Rac8 25. Rcd7 Nd2 26. Kg2 Red8 27. Re7 e4 28.
Bg5 Rb8 29. Re5 Rb2 30. Bxd8 Rxc2 31. Bf6 Kf8 32. Rxc5 a4 33. Rc8# 1-0

[Event "AUTO-INT-2079"]
[Site "http://www.queenalice.com/game.php?id=957696"]
[Date "2011.7.7"]
[Round "1"]
[White "marcelouco"]
[Black "jajerduco"]
[Result "1-0"]
[WhiteElo "1712"]
[BlackElo "1546"]

1. e4 d6 2. d4 c6 3. Nf3 Nf6 4. Nc3 Bg4 5. Be2 e6 6. Bg5 Be7 7. e5 Nh5 8. Bxe7
Qxe7 9. exd6 Qxd6 10. Ne4 Qb4+ 11. Nfd2 Bxe2 12. Qxe2 Nf4 13. Qg4 Nd5 14. Qxg7
Rf8 15. c3 Qxb2 16. O-O Nd7 17. Nc4 Qe2 18. Ncd6+ Ke7 19. Rfe1 Qd3 20. Qg5+ N5f6
21. c4 Rg8 22. Qh4 Qxd4 23. Rad1 Qe5 24. Nxf6 Nxf6 25. Rxe5 Rg4 26. Nf5+ Ke8 27.
Qxf6 Kf8 28. Rd8+ Rxd8 29. Qxd8# 1-0

[Event "AUTO-INT-2079"]
[Site "http://www.queenalice.com/game.php?id=957711"]
[Date "2011.7.7"]
[Round "1"]
[White "FFFABIO"]
[Black "marcelouco"]
[Result "1-0"]
[WhiteElo "1631"]
[BlackElo "1732"]

1. e3 e5 2. Nc3 Nf6 3. Be2 e4 4. Nh3 g6 5. O-O Bg7 6. Ng5 d5 7. d4 exd3 8. Bxd3
c5 9. Nf3 Nc6 10. Bb5 Bd7 11. Nxd5 Nxd5 12. Rb1 a6 13. Qxd5 axb5 14. Ng5 O-O 15.
Qxc5 Rxa2 16. Qxb5 Ra5 17. Qxb7 Rxg5 18. e4 Rg4 19. f3 Rg5 20. Bxg5 Ne7 21. Rbd1
Qc8 22. Rxd7 Qxc2 23. Bxe7 Rc8 24. Rd8+ Rxd8 25. Bxd8 Qd3 26. Bb6 h5 27. Qb8+
Kh7 28. Qc7 Qb3 29. f4 Bxb2 30. Bf2 Bg7 31. f5 gxf5 32. exf5 Qd5 33. Qc2 f6 34.
Rd1 Qa8 35. Qb1 Qc8 36. Rd4 Bf8 37. Rh4 Bc5 38. Rxh5+ Kg7 39. Bxc5 Qxc5+ 40. Kf1
Qd6 41. Qb7+ Kg8 42. Qh7+ Kf8 43. Qh8+ 1-0

[Event "AUTO-INT-2079"]
[Site "http://www.queenalice.com/game.php?id=957712"]
[Date "2011.7.7"]
[Round "1"]
[White "marcelouco"]
[Black "FFFABIO"]
[Result "1-0"]
[WhiteElo "1691"]
[BlackElo "1621"]

1. e4 d5 2. exd5 Qxd5 3. Nc3 Qd8 4. Nf3 Bg4 5. d4 e6 6. Be2 Bb4 7. Bd2 c6 8. a3
Be7 9. Ne5 Bxe2 10. Qxe2 Nf6 11. Bg5 Nbd7 12. Bxf6 Nxf6 13. Qe3 O-O 14. O-O Qb6
15. Ne4 Nxe4 16. Qxe4 f5 17. Qd3 Bf6 18. Nd7 Qxd4 19. Nxf8 Rxf8 20. Qb3 Qxb2 21.
Qxe6+ Kh8 22. Qxf5 Qb5 23. Qxb5 cxb5 24. Rab1 a6 25. c4 bxc4 26. Rxb7 c3 27. Rc1
Re8 28. g3 Bd4 29. Rd7 Be5 30. Re1 c2 31. Rd2 Rc8 32. Rc1 h6 33. Rcxc2 Rxc2 34.
Rxc2 a5 35. Rc5 Bd6 36. Rxa5 Kh7 37. a4 Bc7 38. Rb5 Bd8 39. a5 Bxa5 40. Rxa5 Kg6
41. h4 Kh7 42. f4 Kh8 43. f5 Kh7 44. Ra7 Kg8 45. h5 Kh7 46. f6 Kg8 47. fxg7 Kh7
48. g4 Kg8 49. Kf2 Kh7 50. Kf3 Kg8 51. Kf4 Kh7 52. Kf5 Kg8 53. Kf6 Kh7 54. Ra6
Kg8 55. Ra8+ Kh7 56. g8=Q# 1-0

[Event "AUTO-INT-2079"]
[Site "http://www.queenalice.com/game.php?id=957721"]
[Date "2011.7.7"]
[Round "1"]
[White "raf33700"]
[Black "marcelouco"]
[Result "1-0"]
[WhiteElo "1596"]
[BlackElo "1666"]

1. d4 d5 2. Nc3 Nf6 3. e3 Bf5 4. Nf3 Nc6 5. Bd3 Bxd3 6. Qxd3 e6 7. Bd2 Bb4 8.
O-O-O Bxc3 9. Bxc3 O-O 10. h3 Ne4 11. Rhf1 Qf6 12. Be1 b6 13. Ne5 Nb4 14. Bxb4
Rfe8 15. f4 a5 16. Ba3 c5 17. dxc5 Nxc5 18. Bxc5 bxc5 19. Nd7 Qe7 20. Nb6 Qb7
21. Na4 c4 22. Qd4 Rab8 23. Nc5 Qb5 24. b3 cxb3 25. axb3 Rbc8 26. Na4 Qxb3 27.
Rd2 Rc4 28. Qb2 Qxa4 29. Rff2 Rb4 30. Qc3 Reb8 31. Rd1 Rc4 32. Qe5 Qxc2+ 33.
Rxc2 Rcb4 34. Kd2 a4 35. Rdc1 1-0

[Event "AUTO-INT-2079"]
[Site "http://www.queenalice.com/game.php?id=957722"]
[Date "2011.7.7"]
[Round "1"]
[White "marcelouco"]
[Black "raf33700"]
[Result "1-0"]
[WhiteElo "1704"]
[BlackElo "1593"]

1. e4 d5 2. exd5 Qxd5 3. Nc3 Qa5 4. Nf3 Nc6 5. d4 e6 6. Bb5 Bd7 7. O-O Bb4 8.
Bd2 Nf6 9. a3 Bxc3 10. Bxc6 Bxc6 11. Bxc3 Qd5 12. Bb4 O-O-O 13. c4 Qd7 14. Ne5
Qe8 15. Qe2 Be4 16. Ng4 Nxg4 17. Qxg4 Bg6 18. d5 Qd7 19. dxe6 Qxe6 20. Qf4 Rhe8
21. Rae1 Qc6 22. Rxe8 Rxe8 23. Qd4 f6 24. Re1 Rxe1+ 25. Bxe1 b6 26. h4 Qa4 27.
Qg4+ Qd7 28. Qf3 b5 29. Qa8# 1-0

[Event "AUTO-INT-1770"]
[Site "http://www.queenalice.com/game.php?id=961939"]
[Date "2011.7.18"]
[Round "3"]
[White "Snoopy_GM"]
[Black "marcelouco"]
[Result "1-0"]
[WhiteElo "1859"]
[BlackElo "1721"]

1. d4 d5 2. c4 dxc4 3. Nc3 e6 4. e4 Bb4 5. Qa4+ Bd7 6. Qxb4 b5 7. Nxb5 Na6 8.
Qxc4 Rb8 9. Nxa7 Rb6 10. Qc3 Qa8 11. Bxa6 Qxa7 12. Bc4 Ne7 13. Nf3 O-O 14. O-O
Qa8 15. Re1 Bb5 16. Bxb5 Rxb5 17. Qxc7 Nc6 18. d5 Rc8 19. Qg3 exd5 20. Bh6 g6
21. exd5 Nb4 22. Qe5 f6 23. Qe6+ 1-0

[Event "AUTO-INT-1770"]
[Site "http://www.queenalice.com/game.php?id=961940"]
[Date "2011.7.18"]
[Round "3"]
[White "marcelouco"]
[Black "Snoopy_GM"]
[Result "0-1"]
[WhiteElo "1647"]
[BlackElo "1936"]

1. e4 e5 2. Nf3 Nc6 3. Nc3 Nf6 4. Bc4 Bc5 5. d3 O-O 6. O-O h6 7. a3 a6 8. b4 Ba7
9. Nd5 d6 10. Be3 Bxe3 11. Nxe3 Bg4 12. Nxg4 Nxg4 13. g3 Kh8 14. Bd5 Qd7 15.
Bxc6 Qxc6 16. c4 f5 17. exf5 Rxf5 18. h3 Qxf3 19. hxg4 Qxd1 20. Rfxd1 Rf3 21.
Kg2 Raf8 22. d4 exd4 23. Rxd4 Rxf2+ 24. Kh3 Rf1 25. Rxf1 Rxf1 26. Kg2 Rf7 27.
Re4 Kh7 28. Re6 g6 29. Kh3 g5 30. Kg2 Kg7 31. Re8 Kf6 32. Rb8 c6 33. Rd8 Ke6 34.
Rh8 Rf6 35. Rh7 b5 36. cxb5 axb5 37. Rc7 Kd5 38. Re7 Kc4 39. Re3 d5 40. Rf3 Rxf3
41. Kxf3 d4 42. Ke2 Kc3 43. Kd1 d3 44. Kc1 d2+ 45. Kd1 Kb3 46. Kxd2 Kxa3 0-1

[Event "AUTO-INT-1770"]
[Site "http://www.queenalice.com/game.php?id=961942"]
[Date "2011.7.18"]
[Round "3"]
[White "marcelouco"]
[Black "Quanah4"]
[Result "0-1"]
[WhiteElo "1716"]
[BlackElo "1616"]

1. e4 c5 2. Bc4 g6 3. Nf3 Bg7 4. d3 e6 5. Nc3 Ne7 6. O-O O-O 7. Be3 b6 8. a3 d5
9. exd5 exd5 10. Bg5 dxc4 11. Bf4 cxd3 12. cxd3 Bg4 13. Bxb8 Rxb8 14. b4 Bxf3
15. Qxf3 Bxc3 16. Rac1 cxb4 17. axb4 Bxb4 18. Qe4 a5 19. d4 Rc8 20. Rxc8 Qxc8
21. d5 Qf5 22. Qd4 Nxd5 23. Qc4 Qe6 24. g3 Ne7 25. Qd3 Qd6 26. Qc2 Rc8 27. Qe2
Rb8 28. Rd1 Qc7 29. Qg4 Rd8 30. Rb1 f5 31. Qg5 Kg7 32. Rc1 Bc5 33. Qh4 Rd2 34.
Rf1 Qd8 35. Qa4 Qd4 36. Qxd4+ Bxd4 37. Re1 Bxf2+ 0-1

[Event "QA-ANNIV-06"]
[Site "http://www.queenalice.com/game.php?id=966932"]
[Date "2011.7.31"]
[Round "5"]
[White "dlabedz"]
[Black "marcelouco"]
[Result "1-0"]
[WhiteElo "1338"]
[BlackElo "1696"]

1. d4 d5 2. h3 h5 3. Nf3 Bf5 4. Nc3 Nc6 5. a3 Nf6 6. Nh4 Nxd4 7. g3 Nxc2+ 8. Kd2
Nxa1 9. b4 Nc2 10. Nxf5 d4 11. Qxc2 dxc3+ 12. Kxc3 Qd5 13. f3 g6 14. Ne3 Qc6+
15. Kb3 Qe6+ 16. Nc4 b5 17. e4 bxc4+ 18. Bxc4 Qd6 19. Rd1 Qxg3 20. Bb5+ Nd7 21.
Bxd7+ Kd8 22. Bc6+ Kc8 23. Qd3 Bg7 24. Bxa8 Qd6 25. Qc2 Qe6+ 26. Bd5 Qxh3 27.
Ka4 Qxf3 28. Rd3 Qg3 29. Rxg3 h4 30. Bxf7 hxg3 31. Qg2 Be5 32. Bxg6 Rh2 33. Qf3
g2 34. Be3 Bf6 35. Bf5+ 1-0